00587 2200181 4500001002100000005001500021035002000036245014200056100001300198250002000211300004700231700005500278260003300333082000800366084001400374020000600388600001100394INLIS00000000114826920260410122706 a0010-04260001141 aDongeng Princes 5 Benua :bMengenal Budaya dari 5 Benua:Disertai Ilustrasi yang menarik:Mengandung Banyak Pesan Moral /cPenulis;Rifka RN0 aRifka RN aCetakan Pertama a96 halaman :bIlustrasi ;c20 x 29eKertas0 aEditor;Adib, pemeriksa Aksara;Seta, Ilustrator;Tim aYogyakarta :bLaksana,c2019 a398 a398 RIF d a- 4acerita